000 00661nam a22002297a 4500
003 UA-OsUOA
001 86988
007 ta
008 20120913b un ||||| |||| 00| 0 ukr d
090 _a82.09
_bС 56
942 _cBK
040 _aUA-OsUOA
_brus
_cUA-OsUOA
_dUA-OsUOA
245 _aСовременная русская советская литература
_bЛитературный процесс 50-80 х годов
_cБочаров А., Белой Г.
300 _a256 с.
955 _a3
041 _arus
080 _a82.09
260 _aМ.
_bПросвещение
_c1987
246 3 1 _aЧ. 1
_nВ 2 ч
650 7 _2UDC
999 _c373201
_d373201